La última expedición de Morelos / (Record no. 179958)
[ view plain ]
| 000 -CABECERA | |
|---|---|
| campo de control de longitud fija | 00759nam a2200217 u 4500 |
| 005 - FECHA Y HORA DE LA ÚLTIMA TRANSACCIÓN | |
| campo de control | 20230601063701.0 |
| 008 - ELEMENTOS DE LONGITUD FIJA--INFORMACIÓN GENERAL | |
| campo de control de longitud fija | 160205s2014 r 000 0 eng d |
| 020 ## - NÚMERO INTERNACIONAL NORMALIZADO PARA LIBROS | |
| Número Internacional Estándar del Libro | 9786074272192 |
| 020 ## - NÚMERO INTERNACIONAL NORMALIZADO PARA LIBROS | |
| Número Internacional Estándar del Libro | 9786077585749 |
| 035 ## - NÚMERO DE CONTROL DEL SISTEMA | |
| Número de control de sistema | UPN01000207857 |
| 049 ## - COLECCIÓN | |
| Colección | C |
| 050 #4 - SIGNATURA TOPOGRÁFICA DE LA BIBLIOTECA DEL CONGRESO | |
| Número de clasificación | F1232 |
| Número de documento/Ítem | L4.9 |
| 100 1# - ASIENTO PRINCIPAL--NOMBRE PERSONAL | |
| Nombre de persona | Lemoine Villicaña, Ernesto, |
| Fechas asociadas al nombre | 1927-1993 |
| 9 (RLIN) | 38831 |
| 245 13 - MENCIÓN DE TÍTULO | |
| Título | La última expedición de Morelos / |
| Mención de responsabilidad, etc. | Ernesto Lemoine ; con textos introd. de Carlos Lozano de la Torre. |
| 260 ## - PUBLICACIÓN, DISTRIBUCIÓN, ETC. | |
| Lugar de publicación, distribución, etc. | México : |
| Nombre del editor, distribuidor, etc. | SEGOB : |
| -- | Archivo General de la Nación, |
| Fecha de publicación, distribución, etc. | 2014. |
| 300 ## - DESCRIPCIÓN FÍSICA | |
| Extensión | 334 p. : |
| Otras características físicas | il. col. + |
| Material acompañante/anejo | 1 mapa |
| 600 14 - ASIENTO SECUNDARIO DE MATERIA - NOMBRE PERSONAL | |
| Nombre de persona | MORELOS Y PAVON, JOSE MARIA, |
| Fechas asociadas al nombre | 1765-1815 |
| 651 #4 - ASIENTO SECUNDARIO DE MATERIA - NOMBRE GEOGRAFICO | |
| Nombre geográfico | México |
| Subdivisión general | Historia |
| Subdivisión cronológica | Guerra de Independencia, 1810-1821 |
| 9 (RLIN) | 15381 |
| 905 ## - TIPO DE MATERIAL | |
| Tipo de material | Libro |
| Estado de retiro | Estado de pérdida | Fuente del sistema de clasificación o colocación | Estado dañado | No para préstamo | Código de colección | Localización permanente | Ubicación/localización actual | Ubicación en estantería | Total de préstamos | Clasificación | Código de barras | Fecha visto por última vez | Número de copia | Tipo de ítem Koha |
|---|---|---|---|---|---|---|---|---|---|---|---|---|---|---|
| Library of Congress Classification | Consulta | Consulta | Bib. Gregorio Torres Quintero | Bib. Gregorio Torres Quintero | Sala de lectura Sótano | F1232 L4.9 | 308664 | 31/12/2020 | 1 | Libro | ||||
| Library of Congress Classification | Consulta | Consulta | Bib. Gregorio Torres Quintero | Bib. Gregorio Torres Quintero | Sala de lectura Sótano | F1232 L4.9 | 317262 | 31/12/2020 | 1 | Libro |
